Universitas Zaveriana Cali: revista multidisciplinaria.

Contiene: El papel de la Universidad en el sector social; Proyección social universitaria; La teoría: reflexiones acerca de su estructura e importancia en la investigación científica; Tolerancia y solidaridad en la democracia liberal; DESEPAZ en Cali: La violencia como problema de política pública;...

Ausführliche Beschreibung

Gespeichert in:
Bibliographische Detailangaben
Format: Buch
Sprache:Spanisch
Veröffentlicht: Cali, Colombia : Pontificia Universidad Javeriana Cali, 1993
Schlagworte:
Tags: Tag hinzufügen
Keine Tags, Fügen Sie das erste Tag hinzu!

MARC

LEADER 00000nam^a2200000^a^4500
001 000041027
005 20250521000000.0
009 20260310085642.358
022 |a 0120-6060 
037 |a Acervo ITESO - Biblioteca 
041 |a ESP 
082 |a 300. 05  |b UNI V. 11 
245 1 0 |a Universitas Zaveriana Cali: revista multidisciplinaria. 
264 1 |a Cali, Colombia :  |b Pontificia Universidad Javeriana Cali,  |c 1993 
300 |a 108 p. 
336 |a texto  |b txt  |2 rdacontenido 
337 |a sin mediación  |b n  |2 rdamedio 
338 |a volumen  |b nc  |2 rdasoporte 
520 |a Contiene: El papel de la Universidad en el sector social; Proyección social universitaria; La teoría: reflexiones acerca de su estructura e importancia en la investigación científica; Tolerancia y solidaridad en la democracia liberal; DESEPAZ en Cali: La violencia como problema de política pública; Cuba ante el reto de los cambios; La ingeniería del servicio o cómo producir servicios; El suicidio en "Los demonios" de Dostoievski: un estudio psicoanalítico; Técnicas psicológicas en la preparación deportiva; Algunas reflexiones sobre la educación del adolescente para/ en la ética civil. 
649 |a XX 
650 |a Educación Superior 
650 |a Psicoanálisis y Literatura 
650 |a Política 
650 |a Violencia -  |z Colombia 
650 |a Psicología Deportiva 
910 |a Fondo General 
920 |a Impresos - Libros 
930 |a Colección General 
905 |a 101 
901 |a 0410270100  |b IT1  |c ACC  |i 041027  |u 20250521 
902 |a https://opac.biblio.iteso.mx/vufind/Record/000041027